| 000 | 00643nam a2200217 a 4500 | ||
|---|---|---|---|
| 005 | 20240924063823.0 | ||
| 008 | 040316s1995 mx r 000 0 spa d | ||
| 020 | _a9688604364 | ||
| 035 | _aUPN01000132672 | ||
| 049 | _aCG | ||
| 050 | 4 |
_aLB1177 _bR6.3 |
|
| 100 | 1 |
_aRodríguez Estrada, Mauro, _d1930-2007 |
|
| 245 | 1 | 0 |
_aCreatividad en los juegos y juguetes / _cMauro Rodríguez Estrada, Martha Ketchum. |
| 250 | _a2a ed. | ||
| 260 |
_aColombia : _bPax México, _cc1995. |
||
| 300 | _a207 p. | ||
| 650 | 4 |
_aJuegos infantiles _96445 |
|
| 650 | 4 |
_aAptitud creadora en niños _9462 |
|
| 700 | 1 |
_aKetchum, Martha, _dcoaut. |
|
| 905 | _aLibro | ||
| 999 |
_c104826 _d104826 |
||